| 000 | 00618nam a22001817a 4500 | ||
|---|---|---|---|
| 003 | CEME | ||
| 005 | 20210628210050.0 | ||
| 008 | 210211b xxu||||| |||| 00| 0 eng d | ||
| 020 | _a81-203-1582-0 | ||
| 040 | _c. | ||
| 082 | _a005.3 HAB | ||
| 100 |
_aHabraken, Joe _978037 |
||
| 245 | _aMicrosoft office 2000 - 8 in 1 easy steps for fast results | ||
| 260 |
_aNEW DELHI _bPRENTICE HALL _c1999 |
||
| 300 | _a1278P | ||
| 650 |
_aMS OFFICE 2000 PUBLISHER 2000 FRONT PAGE 2000 PHOTODRAW 2000 ACCESS 2000 OUTLOOK 2000 POWERPOINT 2000 EXCEL 2000 WORD 2000 WINDOWS 95 WINDOWS 98 WINDOWS NT 4.0 _978038 |
||
| 942 |
_cBK _2ddc |
||
| 999 |
_c583196 _d583196 |
||